00367 a2200109 4500001001000000005001700010008004100027245006900068100002300137773008000160999001700240ART_4156720260410162023.0260409a 10aFijación de precios en transacciones tecnológicas intrafirma1 aChudnovsky, Daniel0 tRevista del derecho industrialg- Año I, Nº 1 (ene./abr. 1979)wREV41547 c33311d33311